000 00516nam a2200193Ia 4500
005 20250508153912.0
008 008 250505s9999 xx 000 0 eng d
037 _aBooks to be hide in OPAC
040 _aFEDL
_beng
_cFEDL
041 _aeng
_2eng
084 _a370.1, CEL/O
_qFEDL
100 _aCellerier Lucien
_9764631
245 0 _aEsquisse D' une science pedagogique
260 _c1910
300 _a390p.
546 _aWeeded out
942 _cHB
_h370.1, CEL/O
999 _c1346252
_d1346252